Dragonball Characters - Statistics

General Stats
  • This quiz has been taken 152 times
  • The average score is 17 of 66
Answer Stats
Z Fighters % Correct
Goku
100%
Krillin
77%
Piccolo
77%
Yamcha
77%
Tien Shinhan
76%
Bulma
70%
Master Roshi
70%
Chi Chi
53%
Oolong
51%
Chiaotzu
48%
General Blue
45%
Commander Red
44%
Puar
41%
Ox King
39%
Staff Officer Black
38%
Kami
36%
Mr. Popo
35%
Mercenary Tao
34%
Yajirobe
34%
Android 8
30%
General White
30%
Emperor Pilaf
29%
Grandpa Gohan
27%
Captain Yellow
26%
Mai
26%
Nam
25%
Colonel Silver
24%
Hero
23%
Korin
23%
Launch
23%
Shu
23%
Turtle
23%
King Piccolo
22%
Fortuneteller Baba
21%
Colonel Violet
20%
Dr. Gero
18%
Tambourine
17%
Drum
16%
Giran
16%
Bacterian
15%
Dr. Brief
15%
Piano
13%
Ranfan
13%
Arale Norimaki
12%
Upa
12%
Mrs. Brief
10%
Ninja Murasaki
10%
Bandages the Mummy
9%
Cymbal
9%
King Chappa
7%
Master Shen
6%
See-Through the Invisible Man
6%
Suno
6%
Bora
5%
Buyon
5%
Fangs the Vampire
5%
Man-Wolf
5%
Monster Carrot
5%
Pamput
5%
Spike the Devil Man
5%
Captain Dark
4%
Major Metallitron
4%
World Tournament Announcer
4%
King Furry
3%
King Gurumes
2%
Lucifer
2%
No matching quizzes found
Score Distribution
Percent of People with Each Score
Percentile by Number Answered
Your Score History
You have not taken this quiz